Central Library OPAC University of Rajshahi

Statistical methods / (Record no. 7843)

MARC details
000 -LEADER
fixed length control field 00892nam a2200289 a 4500
001 - CONTROL NUMBER
control field 7843
003 - CONTROL NUMBER IDENTIFIER
rucl marc code BD-RjUL
005 - DATE AND TIME OF LATEST TRANSACTION
control field 20211208234503.0
008 - FIXED-LENGTH DATA ELEMENTS--GENERAL INFORMATION
fixed length control field 140116s1967 enka b 001 0 eng d
035 ## - SYSTEM CONTROL NUMBER
System control number MITb10254823
System control number (BD-RjUL)7887
System control number GLIS00254823
040 ## - CATALOGING SOURCE
Original cataloging agency DLC
Transcribing agency CSU
Modifying agency m.c.
-- SER
-- MYG
-- BD-RjUL
Language of cataloging eng
041 ## - LANGUAGE CODE
Language code of text/sound track or separate title eng
082 ## - DEWEY DECIMAL CLASSIFICATION NUMBER
Classification number 519.5
Author mark and year EDS 1967
Edition number 23
090 ## - LOCALLY ASSIGNED LC-TYPE CALL NUMBER (OCLC); LOCAL CALL NUMBER (OCLC)
Classification number (OCLC) (R) ; Classification number, CALL (RLIN) (NR) HA29
Local cutter number (OCLC) ; Book number/undivided call number, CALL (RLIN) .E26 1967
099 ## - LOCAL FREE-TEXT CALL NUMBER (OCLC)
Bangla Class number HA29.E26 1967
100 1# - MAIN ENTRY--PERSONAL NAME
Personal name Edwards, Allen L.
Fuller form of name (Allen Louis)
9 (RLIN) 24456
245 10 - TITLE STATEMENT
Title Statistical methods /
Statement of responsibility, etc. Allen L. Edwards.
250 ## - EDITION STATEMENT
Edition statement 2d ed.
260 ## - PUBLICATION, DISTRIBUTION, ETC. (IMPRINT)
Place of publication, distribution, etc. New York :
Name of publisher, distributor, etc. Holt, Rinehart and Winston,
Date of publication, distribution, etc. c1967.
300 ## - PHYSICAL DESCRIPTION
Pagination xvi, 462 p. :
Illustrations ill. ;
Size 24 cm.
500 ## - GENERAL NOTE
General note Includes indexes.
650 #0 - SUBJECT ADDED ENTRY--TOPICAL TERM
Topical term or geographic name as entry element Statistics.
9 (RLIN) 24457
856 #4 - ELECTRONIC LOCATION AND ACCESS
Materials specified WorldCat details.
Uniform Resource Identifier <a href="http://www.worldcat.org/title/statistical-methods/oclc/312136&referer=brief_results">http://www.worldcat.org/title/statistical-methods/oclc/312136&referer=brief_results</a>
942 ## - ADDED ENTRY ELEMENTS (KOHA)
Source of classification or shelving scheme Dewey Decimal Classification
Koha item type Books
Holdings
Lost status Source of classification or shelving scheme Damaged status Not for loan Collection code Permanent Location Current Location Shelving location Date acquired Source of acquisition Cost, normal purchase price Total Checkouts Full call number Date last seen Copy number Koha item type
  Dewey Decimal Classification     Non-fiction Central Library, University of Rajshahi Central Library, University of Rajshahi Reading Room 20/01/1975 M. Obodul Huq. 132.50   519.5 EDS 1967 16/01/2014 C-2 Books